LEADER 00848cam0-22002771i-450- 001 990000726270403321 005 20070322140434.0 035 $a000072627 035 $aFED01000072627 035 $a(Aleph)000072627FED01 035 $a000072627 100 $a20020821d1961----km-y0itay50------ba 101 0 $aita 102 $aIT 105 $aa-------001yy 200 1 $aAnalisi degli elementi costitutivi della architettura$eraccolta delle lezioni tenute nell'anno accademico 1959-60$fItalo Gamberini 210 $aFirenze$cCoppini$d1961 215 $a137 p.$cill.$d23 cm 700 1$aGamberini,$bItalo$035051 801 0$aIT$bUNINA$gRICA$2UNIMARC 901 $aBK 912 $a990000726270403321 952 $aARCH B 22$b5407$fFARBC 959 $aFARBC 996 $aAnalisi degli elementi costitutivi della architettura$9323326 997 $aUNINA LEADER 01465nam 2200469zu 450 001 9911006988203321 005 20210807005012.0 010 $a1-68015-350-1 035 $a(CKB)3710000000353981 035 $a(SSID)ssj0001420384 035 $a(PQKBManifestationID)12598951 035 $a(PQKBTitleCode)TC0001420384 035 $a(PQKBWorkID)11403842 035 $a(PQKB)10679786 035 $a(EXLCZ)993710000000353981 100 $a20160829d2000 uy 101 0 $aeng 181 $ctxt 182 $cc 183 $acr 200 10$aStrategic corporate management for engineering 210 31$a[Place of publication not identified]$cOxford University Press$d2000 300 $aBibliographic Level Mode of Issuance: Monograph 311 $a0-19-512467-7 606 $aEngineering firms$xManagement 606 $aStrategic planning 606 $aCivil & Environmental Engineering$2HILCC 606 $aEngineering & Applied Sciences$2HILCC 606 $aCivil Engineering$2HILCC 615 0$aEngineering firms$xManagement. 615 0$aStrategic planning. 615 7$aCivil & Environmental Engineering 615 7$aEngineering & Applied Sciences 615 7$aCivil Engineering 676 $a624/.068 700 $aChinowsky$b Paul$01824238 702 $aMeredith$b James E 801 0$bPQKB 906 $aBOOK 912 $a9911006988203321 996 $aStrategic corporate management for engineering$94391341 997 $aUNINA